GETS Theological Seminary Library

Discerning God's will (Record no. 17255)

MARC details
000 -LEADER
fixed length control field 00466nam a2200157Ia 4500
008 - FIXED-LENGTH DATA ELEMENTS--GENERAL INFORMATION
fixed length control field 200824s9999||||xx |||||||||||||| ||und||
041 ## - LANGUAGE CODE
Language code of text/sound track or separate title eng
050 ## - LIBRARY OF CONGRESS CALL NUMBER
Classification number BV4509.5
Item number .Y8 2006
100 ## - MAIN ENTRY--PERSONAL NAME
Personal name Yu, Joshua
245 #0 - TITLE STATEMENT
Title Discerning God's will
Remainder of title /
Statement of responsibility, etc. Joshua Yu
260 ## - PUBLICATION, DISTRIBUTION, ETC.
Place of publication, distribution, etc. Alhambra, CA :
Name of publisher, distributor, etc. Chinese Christian Testimony Ministry, 
Date of publication, distribution, etc. 2006
300 ## - PHYSICAL DESCRIPTION
Extent 145 p.
Other physical details ;
Dimensions 19 cm.
650 ## - SUBJECT ADDED ENTRY--TOPICAL TERM
Topical term or geographic name entry element Discernment (Christian theology).
650 ## - SUBJECT ADDED ENTRY--TOPICAL TERM
Topical term or geographic name entry element God (Christianity) Will.
Holdings
Withdrawn status Lost status Damaged status Not for loan Home library Current library Shelving location Date acquired Total Checkouts Full call number Barcode Date last seen Price effective from Koha item type
        GETS Theological Seminary Library GETS Theological Seminary Library General Stacks 08/24/2020   BV4509.5 .Y8 2006 00005470 08/24/2020 08/24/2020 English Books
OpacCredits

Contact the Librarian, GETS Library
Email: library@mygets.org









Implemented by GETS Library
(Powered by ETCA Professional Group)
GETS Theological Seminary
412 E. Rowland Street, CA 91723